000
00215nam a2200097Ia 4500
008
170619s9999 xx 000 0 und d
100
_a
Schulte- Jurgen
245
0
_a
Nanotechnology
260
_b
Wiley-India
260
_c
2010
546
_a
ENGLISH
999
_c
20573
_d
20573